000 00712nam a2200205Ia 4500
003 GCL
005 20240530104827.0
008 140319s9999 xx 000 0 ara d
040 _aGCL /
_cGCL
082 0 4 _a811
_bع ص
100 1 _aعبدالقادر المبارك
245 1 0 _aالصبرمطية النجاح : قصيدة فى الحكم لابن الظهير الاربلى /
_cعبدالقادر المبارك
300 _a64 ص
490 _aالهيئة العامة للاستعلامات
_v0
650 0 4 _aالشعر العربى
650 0 4 _aالادب العربى
650 0 4 _aالشعر العربى - دواوين وقصائد
700 1 _aمازن المبارك
942 _2ddc
_cBK
999 _c50980
_d50980